Logo CIB grande

Climate Science for Serving Society: Research, Modeling and Prediction Priorities (Registro nro. 232282)

Detalles MARC
000 -LEADER
campo de control de longitud fija 00761nam a2200253Ia 4500
005 - FECHA Y HORA DE LA ÚLTIMA TRANSACCIÓN
campo de control 20250425162603.0
008 - DATOS DE LONGITUD FIJA--INFORMACIÓN GENERAL
campo de control de longitud fija 250425s9999 xx 000 0 und d
020 ## - NÚMERO INTERNACIONAL ESTÁNDAR DEL LIBRO
Número Internacional Estándar del Libro 9789400766914
041 ## - CÓDIGO DE IDIOMA
Código de lengua del texto/banda sonora o título independiente eng
082 ## - NÚMERO DE LA CLASIFICACIÓN DECIMAL DEWEY
Número de clasificación 551.6
Iniciales del Autor ASR
010 ## - NÚMERO DE CONTROL DE LA BIBLIOTECA DEL CONGRESO
Número de control de LC 87466
100 ## - ENTRADA PRINCIPAL--NOMBRE DE PERSONA
Nombre de persona Asrar, Ghassem R.
245 #0 - MENCIÓN DEL TÍTULO
Título Climate Science for Serving Society: Research, Modeling and Prediction Priorities
Mención de responsabilidad, etc. Ghassem R. Asrar; James W. Hurrell
250 ## - MENCION DE EDICION
Mención de edición 1a. edición
260 ## - PUBLICACIÓN, DISTRIBUCIÓN, ETC.
Lugar de publicación, distribución, etc. New York
Nombre del editor, distribuidor, etc. Springer
Fecha de publicación, distribución, etc. 2013
300 ## - DESCRIPCIÓN FÍSICA
Extensión 484 p.
Dimensiones 23.4 cm.
500 ## - NOTA GENERAL
Nota general Contenido, lista de figuras, lista de tablas
504 ## - NOTA DE BIBLIOGRAFÍA, ETC.
Nota de bibliografía, etc. Nota Referencia bibliográfica
650 ## - PUNTO DE ACCESO ADICIONAL DE MATERIA--TÉRMINO DE MATERIA
Término de materia o nombre geográfico como elemento de entrada Climatología
650 ## - PUNTO DE ACCESO ADICIONAL DE MATERIA--TÉRMINO DE MATERIA
Término de materia o nombre geográfico como elemento de entrada Ecosistemas
650 ## - PUNTO DE ACCESO ADICIONAL DE MATERIA--TÉRMINO DE MATERIA
Término de materia o nombre geográfico como elemento de entrada Predicciones
700 ## - ENTRADA AGREGADA--NOMBRE PERSONAL
Nombre de persona Hurrell, James W.
Término indicativo de función/relación Coautor
942 ## - ELEMENTOS DE ENTRADA SECUNDARIOS (KOHA)
Tipo de ítem Koha Libros
Existencias
Estatus retirado Estado de pérdida Estado de daño No para préstamo Biblioteca de origen Biblioteca actual Fecha de adquisición Coste, precio normal de compra Etiqueta RFID Total de préstamos Código de barras Copia número Tipo de ítem Koha
        CENTRO DE INFORMACIÓN BIBLIOTECARIA CENTRO DE INFORMACIÓN BIBLIOTECARIA 27/09/2013 2.00 0000000000000000037689   D-76142 1 Libros
        CENTRO DE INFORMACIÓN BIBLIOTECARIA CENTRO DE INFORMACIÓN BIBLIOTECARIA 27/09/2013 2.00 0000000000000000037690   D-76143 2 Libros

Copyright 2025 ESPOL. Todos los derechos reservados.